000 00872cam a2200205 4500
008 000000n2001 000 0 eng u
035 _a(Sirsi) u112864
245 _aHousebuilders reject gloomy think tank report
260 _c2001
490 _aBuilding
_v266(8186) 25 May 2001, 20(1)
520 _aHousebuilders and the city have rejected the findings of a report by Cambridge Econometrics that had warned that the housing market might be heading for a collapse. Consumer confidence in the economy was said to be too strong for this to happen with houses seen as generally affordable with low interest rates.
590 _aWB
650 _aHOUSE BUILDERS
650 _aHOUSE PRICES
650 _aINTEREST RATES
650 _aCAMBRIDGE ECONOMETRICS
650 _aSWAN HILL
690 _aPROPERTY-RESIDENTIAL PROPERTY-RESIDENTIAL PROPERTY MARKET
942 _n0
999 _c67183
_d67183